Pôžičkový fond pre pedagógov

Vysoké školy každý rok opúšťajú stovky absolventov pedagogických fakúlt, odhodlaných vniesť do škôl "čerstvý vietor", realizovať nové práve nadobudnuté vedomosti. Žiaľ, ich snaha väčšinou vyjde na zmar. Je to spôsobené najmä nedostatočným platovým ohodnotením. Čo patrí do pôsobnosti Pôžičkového fond...

ver descrição completa

Na minha lista:
Detalhes bibliográficos
Autor principal: Tichý, Miroslav
Formato: Capítulo de Livro
Idioma:eslovaco
Assuntos:
Tags: Adicionar Tag
Sem tags, seja o primeiro a adicionar uma tag!

MARC

LEADER 00000naa a2200000 4500
001 0296833
005 20240417075251.5
041 0 |a slo 
044 |a SK 
245 1 0 |a Pôžičkový fond pre pedagógov  |c Miroslav Tichý 
520 |a Vysoké školy každý rok opúšťajú stovky absolventov pedagogických fakúlt, odhodlaných vniesť do škôl "čerstvý vietor", realizovať nové práve nadobudnuté vedomosti. Žiaľ, ich snaha väčšinou vyjde na zmar. Je to spôsobené najmä nedostatočným platovým ohodnotením. Čo patrí do pôsobnosti Pôžičkového fondu? 
610 2 0 |a pôžičky 
610 2 0 |a fondy účelové 
610 2 0 |a pedagógovia 
610 2 0 |a zákony 
610 2 0 |a normy právne 
610 2 0 |a novelizácia 
100 1 |a Tichý, Miroslav